XI Quart de finale Ligue des Champions 2025-2026 - Statistiques

Statistiques générales
  • Ce quiz a été pris 92 fois
  • Le résultat moyen est 63 sur 88
Statistiques - réponses
Club Pays Poste Joueur % Correct
Liverpool France Défenseur Konaté
95%
PSG Russie Gardien Safonov
95%
Liverpool Pays-Bas Défenseur Van Dijk
95%
Liverpool France Attaquant Ekitike
94%
PSG Maroc Défenseur Hakimi
94%
Liverpool Argentine Milieu Macallister
94%
PSG Equateur Défenseur Pacho
94%
PSG France Attaquant Dembélé
92%
PSG France Attaquant Doué
92%
Liverpool Suède Attaquant Isak
92%
PSG Brésil Défenseur Marquinhos
92%
PSG France Milieu Zaire Emery
92%
PSG Portugal Défenseur Mendes
91%
PSG Portugal Milieu Neves
91%
PSG Portugal Milieu Vitinha
91%
Liverpool Allemagne Milieu/Att Wirtz
91%
Arsenal France Défenseur Saliba
90%
Bayern Colombie Attaquant Diaz
88%
Real Madrid Maroc Milieu/Att Diaz
88%
Arsenal Suède Attaquant Gyokeres
88%
Bayern Angleterre Attaquant Kane
88%
Bayern Allemagne Gardien Neuer
88%
Bayern France Attaquant Olise
88%
Arsenal Brésil Défenseur Gabriel
87%
Arsenal Espagne Gardien Raya
87%
Bayern France Défenseur Upamecano
87%
Real Madrid Angleterre Milieu Bellingham
86%
Real Madrid Turquie Milieu Guler
86%
Real Madrid France Attaquant Mbappé
86%
Real Madrid France Défenseur Mendy
86%
Arsenal Angleterre Milieu Rice
86%
Real Madrid Allemagne Défenseur Rudiger
86%
Real Madrid Brésil Attaquant Vinicius
86%
PSG Géorgie Attaquant Kvaratskhelia
85%
Barcelone Espagne Défenseur Martin
85%
Liverpool Hongrie Milieu Szoboszlai
85%
Bayern Allemagne Milieu Kimmich
83%
Barcelone France Défenseur Koundé
83%
Barcelone Espagne Milieu Pedri
83%
Real Madrid Uruguay Milieu Valverde
83%
Atlético Madrid France Attaquant Griezmann
82%
Real Madrid Ukraine Gardien Lunin
82%
Arsenal Brésil Attaquant Martinelli
82%
Barcelone Espagne Attaquant Yamal
82%
Real Madrid Angleterre Défenseur Alexander Arnold
79%
Liverpool Pays-Bas Défenseur Frimpong
79%
Liverpool Pays-Bas Milieu Gravenberch
79%
Atlético Madrid Nigéria Attaquant Lookman
79%
Bayern Allemagne Défenseur Tah
79%
Atlético Madrid Argentine Attaquant Alvarez
78%
Liverpool Géorgie Gardien Mamardashvili
78%
Real Madrid Brésil Défenseur Militao
78%
Liverpool Hongrie Défenseur Kerkez
77%
Barcelone Portugal Défenseur Cancelo
76%
Barcelone Espagne Milieu Gavi
76%
Bayern Autriche Défenseur Laimer
74%
Barcelone Espagne Attaquant Torres
74%
Bayern Allemagne Attaquant Gnabry
69%
Barcelone Espagne Milieu/Att Olmo
69%
Arsenal Espagne Milieu Zubimendi
69%
Barcelone Espagne Gardien Garcia
68%
Barcelone Espagne Défenseur Garcia
68%
Atlético Madrid Espagne Milieu Koke
68%
Bayern Allemagne Milieu Pavlovic
64%
Arsenal Equateur Défenseur Hincapie
63%
Atlético Madrid France Défenseur Lenglet
63%
Bayern Croatie Défenseur Stanisic
56%
Arsenal Angleterre Milieu/Att Eze
55%
Atlético Madrid Espagne Défenseur Le Normand
54%
Barcelone Espagne Milieu/Att Fermin
53%
Sporting Colombie Attaquant Suarez
51%
Atlético Madrid Argentine Défenseur Molina
49%
Atlético Madrid Espagne Milieu Llorente
47%
Atlético Madrid Argentine Gardien Musso
45%
Atlético Madrid Argentine Piston Simeone
45%
Arsenal Angleterre Attaquant Madueke
44%
Arsenal Espagne Défenseur Mosquera
42%
Sporting Portugal Attaquant Trincao
38%
Sporting Côte d'Ivoire Défenseur Diomandé
31%
Atlético Madrid Italie Piston Ruggeri
31%
Sporting Portugal Défenseur Inacio
28%
Sporting Portugal Gardien Silva
28%
Sporting Uruguay Défenseur Araujo
24%
Sporting Danemark Milieu Hjulmand
24%
Sporting Mozambique Attaquant Catamo
14%
Sporting Japon Milieu Morita
14%
Sporting Portugal Défenseur Quaresma
10%
Sporting Portugal Attaquant Pote
6%
Aucun quiz correspondant
Distribution des résultats
% des personnes avec chaque résultat
Percentile par nombre de réponses
Votre historique - résultats
Vous n’avez pas pris ce quiz